| 000 | 01725pam a2200421 a 4500 | ||
|---|---|---|---|
| 001 | 4908732 | ||
| 003 | OSt | ||
| 005 | 20260205130637.0 | ||
| 008 | 941230s1995 enk b 001 0 eng | ||
| 010 | _a 94047142 | ||
| 020 | _a0521482615 | ||
| 020 |
_a0521483751 _qpbk. |
||
| 020 | _a9780521482615 | ||
| 020 |
_a9780521483759 _q(pbk.) |
||
| 035 | _a4908732 | ||
| 040 |
_aKABLIB _cKABLIB _dKABLIB |
||
| 050 | 0 | 0 |
_aJC423 _b.S94 1995 |
| 082 | 0 | 0 |
_a321.8 _223 _bPRZ |
| 245 | 0 | 0 |
_aSustainable democracy / _cAdam Przeworski ... [et al.]. |
| 260 |
_aCambridge, [England] ; _aNew York : _bCambridge University Press, _c1995. |
||
| 300 |
_ax, 141 p. ; _b23 cm. |
||
| 336 |
_atext _btxt _2rdacontent |
||
| 337 |
_aunmediated _bn _2rdamedia |
||
| 338 |
_avolume _bnc _2rdacarrier |
||
| 500 | _a"A joint product of twenty-one social scientists ... under the name of the Group on East-South Systems Transformations (ESST)"--P. ix. | ||
| 504 | _aIncludes bibliographical references (p. [121]-132) and indexes. | ||
| 650 | 0 |
_aDemocracy _xCase studies. _915176 |
|
| 650 | 0 |
_aEconomic development _xCase studies. _915306 |
|
| 650 | 0 |
_aPost-communism _xCase studies. _915307 |
|
| 700 | 1 |
_aPrzeworski, Adam. _915147 |
|
| 710 | 2 |
_aGroup on East-South Systems Transformations. _915308 |
|
| 856 | 4 | 2 |
_3Publisher description _uhttp://www.loc.gov/catdir/description/cam026/94047142.html |
| 856 | 4 | 1 |
_3Table of contents _uhttp://www.loc.gov/catdir/toc/cam025/94047142.html |
| 906 |
_a7 _bcbc _corignew _d1 _eocip _f19 _gy-gencatlg |
||
| 942 |
_2ddc _cBOOK |
||
| 999 |
_c6045 _d6045 |
||